| 000 | 01057aam a2200313 4500 | ||
|---|---|---|---|
| 005 | 20211130160333.0 | ||
| 008 | 150303b xxu||||| |||| 00| 0 spa d | ||
| 020 | _a997747317 | ||
| 041 | _aEspañol | ||
| 082 | _a651.53 H557g | ||
| 100 |
_aHernández Alfaro, Eugenia _97363 |
||
| 100 |
_aHernández Jiménez, Digna _97364 |
||
| 100 |
_aSegura Bonilla, Lilliam _97365 |
||
| 245 | _aArchivando con excelencia en la etapa de gestión: el archivo, concepto y organización | ||
| 260 |
_aCosta Rica _bEditorial del Norte _c2000 |
||
| 300 | _a140 páginas | ||
| 650 |
_aSISTEMAS ARCHIVÍSTICOS _97366 |
||
| 650 |
_aADMINISTRACIÓN DE DOCUMENTOS _92580 |
||
| 650 |
_aARCHIVONOMÍA _92575 |
||
| 650 |
_aSISTEMA NACIONAL DE ARCHIVOS _97367 |
||
| 650 |
_aCLASIFICACIÓN DE ARCHIVOS _96772 |
||
| 650 |
_aETAPAS DE LOS DOCUMENTOS _97368 |
||
| 650 |
_aFUNCIONES ARCHIVÍSTICAS _97369 |
||
| 650 |
_aCONSERVACIÓN _9928 |
||
| 650 |
_aORDENACIÓ}N _961964 |
||
| 650 |
_aAUTOMATIZACIÓN DE ARCHIVOS _97371 |
||
| 650 |
_aSALUD OCUPACIONAL _9253 |
||
| 942 | _cBK | ||
| 999 |
_c8507 _d8507 |
||